Rumah untuk disewa (Record no. 140827)

MARC details
000 -LEADER
fixed length control field 00702nam a2200253 i 4500
001 - CONTROL NUMBER
control field C2-0344065
003 - CONTROL NUMBER IDENTIFIER
control field PPAK
005 - DATE AND TIME OF LATEST TRANSACTION
control field 20180728145047.0
008 - FIXED-LENGTH DATA ELEMENTS--GENERAL INFORMATION
fixed length control field 171212s2017 my |||| ||||| | may d
020 ## - INTERNATIONAL STANDARD BOOK NUMBER
International Standard Book Number 9789674605704
040 ## - CATALOGING SOURCE
Original cataloging agency PPAK
Language of cataloging eng
Transcribing agency PPAK
Description conventions rda
082 04 - DEWEY DECIMAL CLASSIFICATION NUMBER
Classification number 899.233
Edition number 23
090 00 - LOCALLY ASSIGNED LC-TYPE CALL NUMBER (OCLC); LOCAL CALL NUMBER (RLIN)
Classification number (OCLC) (R) ; Classification number, CALL (RLIN) (NR) 899.233
Feature heading NAZ
Feature heading G
100 0# - MAIN ENTRY--PERSONAL NAME
Personal name Nazrie Haslieanie,
Dates associated with a name 1983-
Relator term author
245 10 - TITLE STATEMENT
Title Rumah untuk disewa
264 #1 - PRODUCTION, PUBLICATION, DISTRIBUTION, MANUFACTURE, AND COPYRIGHT NOTICE
Place of production, publication, distribution, manufacture Kuala Lumpur :
Name of producer, publisher, distributor, manufacturer Institut Terjemahan & Buku Malaysia ,
Date of production, publication, distribution, manufacture, or copyright notice 2017
300 ## - PHYSICAL DESCRIPTION
Extent 167 pages ;
Dimensions 18 cm
336 ## - CONTENT TYPE
Source rdacontent
Content type term text
337 ## - MEDIA TYPE
Source rdamedia
Media type term unmediated
338 ## - CARRIER TYPE
Source rdacarrier
Carrier type term volume
650 10 - SUBJECT ADDED ENTRY--TOPICAL TERM
Topical term or geographic name entry element Malay fiction.
700 0# - ADDED ENTRY--PERSONAL NAME
Personal name Zalila Isa,
Relator term editor
942 ## - ADDED ENTRY ELEMENTS (KOHA)
-- dc
Koha item type Book
Holdings
Withdrawn Not for loan Current library Shelving location Date acquired Full call number Barcode Date last seen Koha item type Total Checkouts Date last checked out Total Renewals
    Perpustakaan Alor Setar Pinjaman Dewasa 18/12/2017 899.233 NAZ A01560780 17/08/2024 Book 4 03/08/2024 1
    Perpustakaan Alor Setar Pinjaman Dewasa 18/12/2017 899.233 NAZ A01560781 09/05/2018 Book      
    Perpustakaan Awam Sungai Petani Pinjaman Dewasa 18/12/2017 899.233 NAZ A01560782 23/10/2019 Book 4 09/10/2019  
    Perpustakaan Baling Pinjaman Dewasa 18/12/2017 899.233 NAZ A01560786 09/02/2019 Book 1 26/01/2019  
    Perpustakaan Bandar Baharu Pinjaman Dewasa 18/12/2017 899.233 NAZ A01560787 26/06/2024 Book 2 29/05/2024  
    Perpustakaan Jitra Pinjaman Dewasa 18/12/2017 899.233 NAZ A01560783 30/08/2022 Book 1 21/05/2022  
    Perpustakaan Kuala Nerang Pinjaman Dewasa 18/12/2017 899.233 NAZ A01560791 09/05/2018 Book      
    Perpustakaan Kulim Pinjaman Dewasa 18/12/2017 899.233 NAZ A01560785 15/11/2020 Book 9 01/11/2020 2
    Perpustakaan Kulim Pinjaman Dewasa 18/12/2017 899.233 NAZ A01560796 10/08/2024 Book 3 03/08/2024  
    Perpustakaan Langkawi Pinjaman Dewasa 18/12/2017 899.233 NAZ A01560784 02/03/2026 Book 2 10/02/2026  
    Perpustakaan Merbok Pinjaman Dewasa 18/12/2017 899.233 NAZ A01560788 30/11/2023 Book 1 14/04/2019 1
    Perpustakaan Pendang Pinjaman Dewasa 18/12/2017 899.233 NAZ A01560792 22/02/2021 Book 1 15/12/2020 1
    Perpustakaan Sik Pinjaman Dewasa 18/12/2017 899.233 NAZ A01560790 09/05/2018 Book      
    Perpustakaan Yan Pinjaman Dewasa 18/12/2017 899.233 NAZ A01560789 09/05/2018 Book      
    Bergerak 3, Baling Pinjaman Dewasa 18/12/2017 899.233 NAZ A01560794 09/05/2018 Book      
    Bergerak 4, Sungai Petani Pinjaman Dewasa 18/12/2017 899.233 NAZ A01560795 09/05/2018 Book